[Event "Philadelphia int op 15th"]
[Site "Philadelphia"]
[Date "2022.06.27"]
[Round "7"]
[White "Jin, Derek"]
[Black "Serrato, Rafael Antonio"]
[Result "1-0"]
[WhiteElo "1935"]
[BlackElo "1702"]
[PlyCount "45"]
[EventDate "2022.06.24"]
[EventType "swiss"]
[EventRounds "9"]
[EventCountry "USA"]
[SourceTitle "CBM 209 Extra"]
[Source "ChessBase"]
[SourceDate "2022.09.30"]
[SourceVersion "1"]
[SourceVersionDate "2022.09.30"]
[SourceQuality "1"]

1. e4 e6 2. d4 d5 3. Nd2 dxe4 4. Nxe4 Bd7 5. Nf3 Bc6 6. Bd3 Nd7 7. 0-0 Ngf6 8. Re1 Bd6 9. Ng3 0-0 10. Ne5 Be7 11. Nxc6 bxc6 12. Ne4 c5 13. dxc5 Nxc5 14. Nxf6+ Bxf6 15. Bxh7+ Kxh7 16. Qh5+ Kg8 17. Qxc5 Qd6 18. Qc4 c6 19. Rb1 Qd5 20. Qa6 Bd4 21. b3 c5 22. Bf4 Bc3 23. Qe2 1-0

[Event "PNWCC Online Masters WOO"]
[Site "Chess.com INT"]
[Date "2020.07.06"]
[Round "9"]
[White "Jin, Derek"]
[Black "Wiebe, Daniel"]
[Result "1/2-1/2"]
[WhiteElo "1880"]
[BlackElo "1988"]
[PlyCount "65"]
[EventDate "2020.07.04"]
[EventType "swiss (rapid)"]
[EventRounds "9"]
[EventCountry "USA"]
[SourceTitle "CBM 197 Extra"]
[Source "ChessBase"]
[SourceDate "2020.09.30"]
[SourceVersion "1"]
[SourceVersionDate "2020.09.30"]
[SourceQuality "1"]

1. e4 c5 2. Nf3 d6 3. d4 cxd4 4. Nxd4 Nf6 5. Nc3 a6 6. f3 e5 7. Nb3 Be6 8. Be3 Nbd7 9. g4 b5 10. g5 Nh5 11. Nd5 Rc8 12. Qd2 Bxd5 13. exd5 Be7 14. 0-0-0 Qc7 15. Kb1 Nb6 16. Na5 Nxd5 17. Qxd5 Qxa5 18. Bh3 0-0 19. Bxc8 Rxc8 20. Rc1 Qc7 21. c3 g6 22. b3 Bf8 23. c4 b4 24. Rc2 a5 25. Rhc1 Nf4 26. Qe4 Ne6 27. f4 exf4 28. Bxf4 Nc5 29. Qf3 a4 30. Rd1 axb3 31. axb3 Re8 32. Bc1 Bg7 33. Bb2 1/2-1/2

[Event "PNWCC Online Masters WOO"]
[Site "Chess.com INT"]
[Date "2020.07.04"]
[Round "1.17"]
[White "Jin, Derek"]
[Black "Demchenko, Anton"]
[Result "0-1"]
[WhiteElo "1880"]
[BlackElo "2641"]
[PlyCount "68"]
[EventDate "2020.07.04"]
[EventType "swiss (rapid)"]
[EventRounds "9"]
[EventCountry "USA"]
[SourceTitle "CBM 197 Extra"]
[Source "ChessBase"]
[SourceDate "2020.09.30"]
[SourceVersion "1"]
[SourceVersionDate "2020.09.30"]
[SourceQuality "1"]

1. e4 c5 2. Nf3 Nc6 3. d4 cxd4 4. Nxd4 Nf6 5. Nc3 d6 6. Bg5 e6 7. Qd2 a6 8. 0-0-0 Be7 9. f4 Bd7 10. Nf3 b5 11. Bxf6 gxf6 12. f5 Qa5 13. Kb1 h5 14. Bd3 Rc8 15. Rhe1 Ne5 16. Nxe5 dxe5 17. Ne2 Qxd2 18. Rxd2 h4 19. g4 hxg3 20. Nxg3 Bc5 21. c3 a5 22. Be2 Ke7 23. Bg4 b4 24. Nh5 bxc3 25. bxc3 Rc7 26. Rf1 Bb5 27. Rf3 Bc6 28. Nxf6 Kxf6 29. fxe6+ Kg7 30. Bf5 fxe6 31. Rg2+ Kf7 32. Bg6+ Ke7 33. Rd2 Be8 34. Bxe8 Kxe8 0-1

[Event "PNWCC Online blitz JP 2nd"]
[Site "Chess.com INT"]
[Date "2020.03.21"]
[Round "8"]
[White "Jin, Derek"]
[Black "Christiansen, Johan Sebastian"]
[Result "0-1"]
[WhiteElo "1880"]
[BlackElo "2609"]
[PlyCount "134"]
[EventDate "2020.03.21"]
[EventType "swiss (blitz)"]
[EventRounds "11"]
[EventCountry "USA"]
[SourceTitle "CBM 195 Extra"]
[Source "ChessBase"]
[SourceDate "2020.05.31"]
[SourceVersion "1"]
[SourceVersionDate "2020.05.31"]
[SourceQuality "1"]

1. e4 e5 2. Nf3 Nc6 3. Bc4 Nf6 4. d3 Be7 5. 0-0 0-0 6. c3 d6 7. h3 Kh8 8. Be3 Ng8 9. g4 Be6 10. Bb3 d5 11. Nbd2 f6 12. Re1 Qd7 13. Nf1 Rad8 14. Ng3 g6 15. Qe2 d4 16. cxd4 Nxd4 17. Bxd4 exd4 18. Nxd4 Bxb3 19. Nxb3 Qxd3 20. Rad1 Qxe2 21. Nxe2 Bb4 22. Nc3 c6 23. Rxd8 Rxd8 24. Rd1 Rxd1+ 25. Nxd1 Ne7 26. Kf1 Bd6 27. Ke2 Be5 28. Nc3 f5 29. exf5 gxf5 30. gxf5 Nxf5 31. Nc5 b6 32. Nd3 Bd4 33. Kf3 Bg7 34. Ke2 Kg8 35. Kf3 Kf7 36. Kf4 Ke6 37. Ne4 h6 38. Nc3 Nd6 39. Ne4 Nc4 40. b3 Na5 41. Ng3 Nb7 42. Nf5 Bf8 43. Nd4+ Kd5 44. Ke3 c5 45. Nf4+ Kd6 46. Nf5+ Kd7 47. Ke4 Na5 48. Kd3 Nc6 49. Ne3 Nb4+ 50. Ke4 Nxa2 51. Nc4 Nc3+ 52. Kd3 Nb5 53. Ne5+ Kd6 54. Nc4+ Ke7 55. Ne3 Bg7 56. Nf5+ Kf7 57. Nxg7 Kxg7 58. Kc4 Nc7 59. b4 cxb4 60. Kxb4 Kf6 61. Kc4 Kf5 62. Nd3 a5 63. Kb3 b5 64. f3 Ne6 65. Kc3 Nf4 66. Nf2 Ne2+ 67. Kb3 Ng1 0-1

[Event "PNWCC Online blitz JP 2nd"]
[Site "Chess.com INT"]
[Date "2020.03.21"]
[Round "10"]
[White "Stevic, Hrvoje"]
[Black "Jin, Derek"]
[Result "1-0"]
[WhiteElo "2570"]
[BlackElo "1880"]
[PlyCount "36"]
[EventDate "2020.03.21"]
[EventType "swiss (blitz)"]
[EventRounds "11"]
[EventCountry "USA"]
[SourceTitle "CBM 195 Extra"]
[Source "ChessBase"]
[SourceDate "2020.05.31"]
[SourceVersion "1"]
[SourceVersionDate "2020.05.31"]
[SourceQuality "1"]

1. e4 c5 2. c3 d5 3. exd5 Qxd5 4. d4 Nf6 5. Nf3 e6 6. Na3 Nc6 7. Be3 cxd4 8. Nb5 Qd7 9. Nbxd4 Bc5 10. Bb5 Bb6 11. Ne5 Qc7 12. Nexc6 bxc6 13. Bxc6+ Bd7 14. Bxa8 0-0 15. Bf3 Nd5 16. Bxd5 exd5 17. 0-0 Qe5 18. Nf3 Qd6 1-0